00365nam a2200145Ia 4500008004100000020001500041041001200056082001600068100001700084245004600101250000800147260004900155300000800204650000700212221030s9999 xx 000 0 und d a8122403026 aEnglish a105.23bWad aC. L. Wadhwa 0aElectrical Power Systemscby C. L. Wadhwa a2nd bNew Age International Pub.aNew Delhic1997 a752 aEE